| 000 | 01557nam2a2200325 4500 | ||
|---|---|---|---|
| 001 | RU\NLR\BIBL_A\011320856 | ||
| 005 | 20250806210245.0 | ||
| 035 | _a(NLR Aleph) 011320856 | ||
| 090 |
_a59443 _c59443 |
||
| 100 | _a20250806 rusy50 | ||
| 101 | 0 | _arus | |
| 102 | _aRU | ||
| 135 | _acrgn 008anaba | ||
| 200 | 0 | _a1942, ненум. вып. (3 сент.) | |
| 210 | _d1942 | ||
| 215 | _a2 с. : ил. | ||
| 325 | 1 | _aКопия доступна в электронной библиотеке РНБ | |
| 461 | 0 |
_1001RU\NLR\BIBL_A\010701415 _12001#$aФрунзенцы на огородах$eоднодневнный бюллетень Фрунзенского РК ВКП (б) и исполкома Фрунзенского райсовета депутатов трудящихся$v1942, ненум. вып. (3 сент.) |
|
| 852 |
_aNLR _jОдн1942/24 |
||
| 856 | 0 | _uhttp://vivaldi.nlr.ru/pn000150861/view | |
| 856 | 1 | _uhttp://vivaldi.nlr.ru/pn000150861/cover | |
| 856 | 2 | _uhttp://vivaldi.nlr.ru/pn000150861/text | |
| 901 | _eГазеты | ||
| 942 | _cISSNP | ||
| 945 | _aРоссийская национальная библиотека | ||
| 980 | _aNB | ||
| 980 | _aBV | ||
| 981 | 3 | 7 |
_a(37) Ленинград в Великой Отечественной войне _b(37) Газеты блокадного Ленинграда |
| 981 | 2 | 7 |
_a(27) Периодические издания _b(27) Газеты |